000 00731cam a2200241 4500
001 17943
003 BD-RjUL
005 20211209000220.0
008 140219s1967 nyu 000 0 eng
035 _a(BD-RjUL)18001
040 _aDLC
_cDLC
_dDLC
_dBD-RjUL
_beng
041 _aeng
051 _aPS3515.E7715
_bU53 1967 Copy 3
_cAnother copy. Dust jacket. Purchase, Feb. 25, 1985 (DLC #0154281).
082 _a910.45
_bHEU 1967
100 1 _aHersey, John.
_d1914-1993.
_951902
245 1 0 _aUnder the eye of the storm /
_cby John Hersey.
260 _aNew York :
_bKnopf,
_cc1967.
300 _a244 p. ;
_c22 cm.
650 _aSea stories.
_954913
942 _2ddc
_cBK
999 _c17943
_d17943